Female KPOP Groups Quiz - Statistics

General Stats
  • This quiz has been taken 4,243 times
  • The average score is 12 of 54
Answer Stats
Answer % Correct
Girl's Generation
92%
2ne1
79%
Fx
66%
Wonder Girls
66%
Miss A
63%
Sistar
63%
4minute
62%
A Pink
60%
T-ara
59%
KARA
57%
AOA
55%
Girl's Day
47%
After School
45%
Brown Eyed Girls
39%
EXID
36%
Secret
26%
Nine Muses
25%
Rainbow
24%
Crayon Pop
23%
Fiestar
19%
Dal Shabet
18%
Hello Venus
17%
Ladies' Code
17%
Spica
13%
Brave Girls
12%
Davichi
12%
Bestie
11%
Rania
10%
Glam
9%
Jewelry
8%
15&
7%
Evol
6%
Five Dolls
6%
Tiny-G
6%
Chocolat
5%
The Grace
4%
C-Real
3%
See Ya
3%
2yoon
2%
D-unit
2%
GP Basic
2%
She'z
2%
Skarf
2%
April Kiss
1%
As One
1%
Blady
1%
Gavy NJ
1%
Girl Friends
1%
Global Icon
1%
LPG
1%
Puretty
1%
Purplay
1%
Two X
1%
S The One
0%
No matching quizzes found
Score Distribution
Percent of People with Each Score
Percentile by Number Answered
Your Score History
You have not taken this quiz